000 00392nam a2200133Ia 4500
008 220214s9999 xx 000 0 und d
100 _aWringley Colin
245 0 _aOptimizing electrophoretic methods for analysis of genetic origins in grain and food samples
260 _bElectrophoresis
700 _aCampbell William
700 _aCros Diana du
700 _aMargolis Joel
942 _cRE
999 _c46249
_d46249